| 000 | 00000nam##2200000za#4500 |
| 001 | 9.546158 |
| 003 | CaOODSP |
| 005 | 20210615091434 |
| 007 | ta |
| 008 | 150406|2008||||xxc||||| f|0| 0 eng|d |
| 022 | |a0706-6457 |
| 040 | |aCaOODSP|beng |
| 041 | |aeng |
| 041 | |afre |
| 043 | |an-cn--- |
| 086 | 1 |aFs97-6/2793 |
| 110 | 1 |aCanada. |bDepartment of Fisheries and Oceans. |
| 245 | 10|aProceedings of the 34th annual aquatic toxicity workshop : |bSeptember 30 to October 3, 2007, Halifax, Nova Scotia / |ceditors, K.A. Kidd ... [et al.] |
| 260 | |aSt. Andrews - New Brunswick : |bFisheries and Oceans Canada |c2008. |
| 300 | |axviii, 267p. : |bfigs., graphs, references, tables, index ; |c28 cm. |
| 490 | 1 |aCanadian technical report of fisheries and aquatic sciences|x0706-6457|v2793 |
| 500 | |a"Fisheries and Oceans Canada, St. Andrews, NB, E5B 2L9". |
| 504 | |aBibliography. |
| 520 | 3 |aContains paper, abstracts or extended abstracts of all presentations at the workshop. An author index is also included. |
| 546 | |aIntroductory text in English and French. Articles in their original languages. |
| 563 | |aSoftcover |
| 590 | |a08-27|b2008-07-04 |
| 690 | 07|aAquatic ecosystems|2gcpds |
| 690 | 07|aToxicology|2gcpds |
| 690 | 07|aWater pollution|2gcpds |
| 720 | 1 |aClément, M. |
| 776 | 0#|tCompes rendus du 34ième atelier annuel sur la toxicité aquatique : |w(CaOODSP)9.589958 |
| 792 | |tCompes rendus du 34ième atelier annuel sur la toxicité aquatique : |efre|w(CaOODSP)9.546159 |
| 830 | #0|aCanadian technical report of fisheries and aquatic sciences,|x0706-6457|v2793|w(CaOODSP)9.514690 |